[Event "31st Klatovy A 2025"]
[Site "Klatovy CZE"]
[Date "2025.06.29"]
[Round "2.13"]
[White "Janous, Marek"]
[Black "Slivova, Linda"]
[Result "1-0"]
[WhiteElo "2220"]
[BlackElo "1862"]
[PlyCount "49"]
[EventDate "2025.06.28"]
[EventType "swiss"]
[EventRounds "9"]
[EventCountry "CZE"]

1. e4 {[%emt 0:01:01]} c6 {[%emt 0:00:08]} 2. c4 {[%emt 0:00:16]} d5 {[%emt 0:00:15]} 3. cxd5 {[%emt 0:00:06]} cxd5 {[%emt 0:00:07]} 4. exd5 {[%emt 0:00:06]} Qxd5 {[%emt 0:00:33]} 5. Nc3 {[%emt 0:00:07]} Qa5 {[%emt 0:01:02]} 6. Nf3 {[%emt 0:00:34]} Nf6 {[%emt 0:02:04]} 7. Bc4 {[%emt 0:00:34]} Nc6 {[%emt 0:04:32]} 8. d4 {[%emt 0:05:22]} e6 {[%emt 0:02:01]} 9. O-O {[%emt 0:01:10]} Be7 {[%emt 0:02:05]} 10. Bf4 {[%emt 0:19:52]} a6 {[%emt 0:03:49]} 11. a3 {[%emt 0:07:21]} b5 {[%emt 0:11:34]} 12. Ba2 {[%emt 0:08:44]} O-O {[%emt 0:04:42]} 13. Qe2 {[%emt 0:02:33]} Rd8 {[%emt 0:10:01]} 14. Rfd1 {[%emt 0:03:30]} b4 {[%emt 0:11:24]} 15. axb4 {[%emt 0:03:09]} Qxb4 {[%emt 0:00:13]} 16. Bc4 {[%emt 0:04:51]} Na5 {[%emt 0:11:54]} 17. Bd3 {[%emt 0:05:04]} Bd6 {[%emt 0:08:19]} 18. Bxd6 {[%emt 0:01:01]} Rxd6 {[%emt 0:00:14]} 19. Ne4 {[%emt 0:00:06]} Rd8 {[%emt 0:17:37]} 20. Nxf6+ {[%emt 0:01:20]} gxf6 {[%emt 0:00:09]} 21. Qe4 {[%emt 0:01:42]} Bb7 {[%emt 0:01:02]} 22. Qxh7+ {[%emt 0:01:01]} Kf8 {[%emt 0:00:06]} 23. Nh4 {[%emt 0:06:33]} Bc6 {[%emt 0:18:12]} 24. Nf5 {[%emt 0:02:44]} exf5 {[%emt 0:02:19]} 25. Re1 {[%emt 0:00:09]} 1-0

[Event "31st Klatovy A 2025"]
[Site "Klatovy CZE"]
[Date "2025.06.29"]
[Round "2.14"]
[White "Pokorny, Jiri 2007"]
[Black "Kroulik, Vaclav"]
[Result "1/2-1/2"]
[WhiteElo "2122"]
[BlackElo "2088"]
[PlyCount "61"]
[EventDate "2025.06.28"]
[EventType "swiss"]
[EventRounds "9"]
[EventCountry "CZE"]

1. e4 {[%emt 0:00:05]} c5 {[%emt 0:00:06]} 2. Nf3 {[%emt 0:00:23]} d6 {[%emt 0:00:08]} 3. d4 {[%emt 0:00:06]} cxd4 {[%emt 0:00:16]} 4. Nxd4 {[%emt 0:00:12]} Nf6 {[%emt 0:00:06]} 5. Nc3 {[%emt 0:00:07]} Nc6 {[%emt 0:00:18]} 6. Bg5 {[%emt 0:00:26]} Bd7 {[%emt 0:03:17]} 7. f4 {[%emt 0:04:46]} Qb6 {[%emt 0:03:28]} 8. Nb3 {[%emt 0:03:24]} e6 {[%emt 0:03:26]} 9. Qd2 {[%emt 0:01:19]} Be7 {[%emt 0:02:13]} 10. O-O-O {[%emt 0:00:36]} O-O-O {[%emt 0:06:02]} 11. f5 {[%emt 0:08:11]} a6 {[%emt 0:11:06]} 12. Be3 {[%emt 0:17:25]} Qc7 {[%emt 0:02:18]} 13. Nd4 {[%emt 0:16:01]} Ne5 {[%emt 0:04:24]} 14. Bg5 {[%emt 0:09:52]} h6 {[%emt 0:02:39]} 15. fxe6 {[%emt 0:04:03]} fxe6 {[%emt 0:01:03]} 16. Bf4 {[%emt 0:06:15]} Ng6 {[%emt 0:10:07]} 17. Be3 {[%emt 0:04:02]} Ng4 {[%emt 0:01:08]} 18. Kb1 {[%emt 0:00:46]} Nxe3 {[%emt 0:00:38]} 19. Qxe3 {[%emt 0:00:11]} Rhf8 {[%emt 0:03:35]} 20. Be2 {[%emt 0:02:01]} Ne5 {[%emt 0:03:21]} 21. Nf3 {[%emt 0:01:41]} Nc6 {[%emt 0:03:19]} 22. Rd2 {[%emt 0:04:52]} g5 {[%emt 0:06:40]} 23. h3 {[%emt 0:02:14]} Kb8 {[%emt 0:03:50]} 24. Rhd1 {[%emt 0:06:50]} Ne5 {[%emt 0:02:17]} 25. Nxe5 {[%emt 0:04:41]} dxe5 {[%emt 0:00:02]} 26. Rd3 {[%emt 0:02:08]} Bc5 {[%emt 0:04:53]} 27. Qg3 {[%emt 0:01:44]} Ka7 {[%emt 0:06:07]} 28. Bf3 {[%emt 0:03:08]} Be7 {[%emt 0:06:18]} 29. Qf2+ {[%emt 0:06:05]} Bc5 {[%emt 0:00:10]} 30. Qg3 {[%emt 0:01:00]} Be7 {[%emt 0:01:06]} 31. Qf2+ {[%emt 0:00:34]} 1/2-1/2

[Event "31st Klatovy A 2025"]
[Site "Klatovy CZE"]
[Date "2025.06.29"]
[Round "2.15"]
[White "Stein, Michael 2009"]
[Black "Slansky, Jachym"]
[Result "1-0"]
[WhiteElo "2095"]
[BlackElo "1878"]
[PlyCount "55"]
[EventDate "2025.06.28"]
[EventType "swiss"]
[EventRounds "9"]
[EventCountry "CZE"]

1. e4 {[%emt 0:00:04]} d5 {[%emt 0:01:14]} 2. exd5 {[%emt 0:01:22]} Nf6 {[%emt 0:00:08]} 3. h3 {[%emt 0:01:18]} Nxd5 {[%emt 0:07:28]} 4. d4 {[%emt 0:06:41]} Bf5 {[%emt 0:08:30]} 5. a3 {[%emt 0:06:51]} e6 {[%emt 0:15:26]} 6. c4 {[%emt 0:02:39]} Nf6 {[%emt 0:10:58]} 7. Nc3 {[%emt 0:03:57]} Be7 {[%emt 0:02:32]} 8. g4 {[%emt 0:04:12]} Bg6 {[%emt 0:10:17]} 9. Bg2 {[%emt 0:02:28]} Nbd7 {[%emt 0:09:43]} 10. Bxb7 {[%emt 0:09:05]} Rb8 {[%emt 0:01:27]} 11. Bg2 {[%emt 0:02:28]} O-O {[%emt 0:17:54]} 12. Nf3 {[%emt 0:05:33]} Nb6 {[%emt 0:06:30]} 13. Ne5 {[%emt 0:04:20]} Qe8 {[%emt 0:04:55]} 14. Nc6 {[%emt 0:08:32]} Nxc4 {[%emt 0:03:22]} 15. Nxb8 {[%emt 0:01:39]} Qxb8 {[%emt 0:00:03]} 16. b3 {[%emt 0:00:46]} Nb6 {[%emt 0:05:00]} 17. O-O {[%emt 0:02:34]} Nfd5 {[%emt 0:01:50]} 18. Nxd5 {[%emt 0:02:24]} Nxd5 {[%emt 0:00:05]} 19. f4 {[%emt 0:06:18]} Qb6 {[%emt 0:02:44]} 20. Bxd5 {[%emt 0:01:50]} exd5 {[%emt 0:00:16]} 21. f5 {[%emt 0:00:59]} Bf6 {[%emt 0:00:41]} 22. Bb2 {[%emt 0:03:56]} Qd6 {[%emt 0:00:35]} 23. Qd3 {[%emt 0:01:57]} c5 {[%emt 0:02:22]} 24. Kg2 {[%emt 0:02:50]} c4 {[%emt 0:01:15]} 25. bxc4 {[%emt 0:01:56]} dxc4 {[%emt 0:00:05]} 26. Qg3 {[%emt 0:00:23]} Qb6 {[%emt 0:01:54]} 27. Bc3 {[%emt 0:03:11]} Re8 {[%emt 0:01:03]} 28. Rae1 {[%emt 0:02:03]} 1-0

[Event "31st Klatovy A 2025"]
[Site "Klatovy CZE"]
[Date "2025.06.29"]
[Round "2.16"]
[White "Kocman, Patrik"]
[Black "Pick, Stepan"]
[Result "1/2-1/2"]
[WhiteElo "1836"]
[BlackElo "1949"]
[PlyCount "55"]
[EventDate "2025.06.28"]
[EventType "swiss"]
[EventRounds "9"]
[EventCountry "CZE"]

1. e4 {[%emt 0:00:02]} e6 {[%emt 0:00:09]} 2. d4 {[%emt 0:00:14]} d5 {[%emt 0:00:06]} 3. Nc3 {[%emt 0:00:30]} Bb4 {[%emt 0:00:09]} 4. Nge2 {[%emt 0:00:58]} dxe4 {[%emt 0:00:25]} 5. a3 {[%emt 0:00:25]} Bxc3+ {[%emt 0:00:12]} 6. Nxc3 {[%emt 0:00:08]} Nc6 {[%emt 0:00:24]} 7. Bb5 {[%emt 0:15:00]} Nge7 {[%emt 0:00:26]} 8. Nxe4 {[%emt 0:01:36]} O-O {[%emt 0:03:36]} 9. c3 {[%emt 0:02:12]} e5 {[%emt 0:17:59]} 10. dxe5 {[%emt 0:24:30]} Qxd1+ {[%emt 0:00:45]} 11. Kxd1 {[%emt 0:00:16]} Nxe5 {[%emt 0:00:47]} 12. Ke2 {[%emt 0:05:35]} c6 {[%emt 0:04:54]} 13. Ba4 {[%emt 0:02:38]} Be6 {[%emt 0:01:10]} 14. Bc2 {[%emt 0:21:12]} Bc4+ {[%emt 0:01:47]} 15. Ke1 {[%emt 0:02:06]} Nd5 {[%emt 0:07:54]} 16. b3 {[%emt 0:16:14]} Bd3 {[%emt 0:02:39]} 17. Kd2 {[%emt 0:02:27]} Rad8 {[%emt 0:11:22]} 18. Bxd3 {[%emt 0:04:58]} Nf4 {[%emt 0:00:28]} 19. Kc2 {[%emt 0:01:45]} Nfxd3 {[%emt 0:04:44]} 20. f3 {[%emt 0:04:30]} Nxc1 {[%emt 0:07:42]} 21. Raxc1 {[%emt 0:01:58]} b6 {[%emt 0:01:07]} 22. Rcd1 {[%emt 0:00:41]} f6 {[%emt 0:00:41]} 23. Rxd8 {[%emt 0:03:13]} Rxd8 {[%emt 0:00:02]} 24. Rd1 {[%emt 0:00:38]} Rxd1 {[%emt 0:00:46]} 25. Kxd1 {[%emt 0:00:01]} Kf8 {[%emt 0:01:07]} 26. Kd2 {[%emt 0:03:01]} Ke7 {[%emt 0:00:31]} 27. Ke3 {[%emt 0:01:12]} Ke6 {[%emt 0:00:28]} 28. g3 {[%emt 0:03:52]} 1/2-1/2

[Event "31st Klatovy A 2025"]
[Site "Klatovy CZE"]
[Date "2025.06.29"]
[Round "2.17"]
[White "Kupsa, Matej 2001"]
[Black "Rezac, Jindrich"]
[Result "1-0"]
[WhiteElo "2100"]
[BlackElo "1849"]
[PlyCount "59"]
[EventDate "2025.06.28"]
[EventType "swiss"]
[EventRounds "9"]
[EventCountry "CZE"]

1. e4 {[%emt 19:33:57]} c5 {[%emt 0:12:28]} 2. c4 {[%emt 0:01:15]} Nc6 {[%emt 0:01:10]} 3. Nc3 {[%emt 0:00:09]} e5 {[%emt 0:01:38]} 4. d3 {[%emt 0:00:53]} d6 {[%emt 0:00:37]} 5. g3 {[%emt 0:00:06]} g6 {[%emt 0:01:49]} 6. Bg2 {[%emt 0:00:09]} Bg7 {[%emt 0:00:10]} 7. Nge2 {[%emt 0:00:07]} Nge7 {[%emt 0:00:58]} 8. O-O {[%emt 0:00:09]} O-O {[%emt 0:00:08]} 9. a3 {[%emt 0:01:21]} a6 {[%emt 0:03:29]} 10. Rb1 {[%emt 0:02:36]} Rb8 {[%emt 0:10:15]} 11. b4 {[%emt 0:02:34]} cxb4 {[%emt 0:01:30]} 12. axb4 {[%emt 0:02:00]} b5 {[%emt 0:00:16]} 13. Ba3 {[%emt 0:22:50]} Be6 {[%emt 0:12:38]} 14. Nd5 {[%emt 0:02:39]} Qd7 {[%emt 0:03:40]} 15. Qd2 {[%emt 0:14:46]} f5 {[%emt 0:05:59]} 16. f3 {[%emt 0:27:38]} Qa7+ {[%emt 0:10:27]} 17. Kh1 {[%emt 0:04:04]} Kh8 {[%emt 0:08:28]} 18. Bc1 {[%emt 0:07:20]} bxc4 {[%emt 0:12:20]} 19. dxc4 {[%emt 0:01:28]} fxe4 {[%emt 0:00:15]} 20. fxe4 {[%emt 0:09:22]} Rxf1+ {[%emt 0:01:48]} 21. Bxf1 {[%emt 0:00:04]} Qf2 {[%emt 0:01:52]} 22. Bg2 {[%emt 0:04:42]} Bg4 {[%emt 0:01:48]} 23. Nec3 {[%emt 0:07:42]} Rf8 {[%emt 0:03:07]} 24. Qxf2 {[%emt 0:01:28]} Rxf2 {[%emt 0:00:07]} 25. Be3 {[%emt 0:00:27]} Rc2 {[%emt 0:01:28]} 26. b5 {[%emt 0:01:05]} axb5 {[%emt 0:01:46]} 27. cxb5 {[%emt 0:00:46]} Nxd5 {[%emt 0:01:04]} 28. Nxd5 {[%emt 0:01:03]} Nd8 {[%emt 0:05:45]} 29. Bb6 {[%emt 0:07:56]} Nb7 {[%emt 0:03:16]} 30. Ne3 {[%emt 0:00:15]} 1-0

[Event "31st Klatovy A 2025"]
[Site "Klatovy CZE"]
[Date "2025.06.29"]
[Round "2.18"]
[White "Hronik, Petr 1980"]
[Black "Jun, Rudolf"]
[Result "0-1"]
[WhiteElo "1905"]
[BlackElo "2279"]
[PlyCount "72"]
[EventDate "2025.06.28"]
[EventType "swiss"]
[EventRounds "9"]
[EventCountry "CZE"]

1. d4 {[%emt 0:00:07]} c5 {[%emt 0:00:38]} 2. d5 {[%emt 0:03:57]} Nf6 {[%emt 0:00:32]} 3. c4 {[%emt 0:01:11]} e6 {[%emt 0:00:31]} 4. Nc3 {[%emt 0:00:31]} exd5 {[%emt 0:00:09]} 5. Nxd5 {[%emt 0:00:28]} Nxd5 {[%emt 0:00:56]} 6. Qxd5 {[%emt 0:00:28]} Nc6 {[%emt 0:00:39]} 7. Bd2 {[%emt 0:05:35]} d6 {[%emt 0:01:30]} 8. e3 {[%emt 0:01:36]} Be6 {[%emt 0:00:12]} 9. Qe4 {[%emt 0:02:17]} d5 {[%emt 0:01:19]} 10. cxd5 {[%emt 0:02:56]} Qxd5 {[%emt 0:00:07]} 11. Qxd5 {[%emt 0:01:12]} Bxd5 {[%emt 0:00:06]} 12. Ne2 {[%emt 0:01:29]} f6 {[%emt 0:00:45]} 13. Nc3 {[%emt 0:00:28]} Be6 {[%emt 0:00:44]} 14. Bb5 {[%emt 0:00:41]} Rc8 {[%emt 0:03:14]} 15. O-O {[%emt 0:08:58]} a6 {[%emt 0:00:07]} 16. Be2 {[%emt 0:03:11]} Be7 {[%emt 0:02:12]} 17. Rfd1 {[%emt 0:07:19]} Kf7 {[%emt 0:00:53]} 18. Be1 {[%emt 0:01:01]} Rhd8 {[%emt 0:01:06]} 19. Rxd8 {[%emt 0:04:19]} Rxd8 {[%emt 0:00:06]} 20. Rd1 {[%emt 0:00:51]} Rxd1 {[%emt 0:00:31]} 21. Bxd1 {[%emt 0:00:10]} Nb4 {[%emt 0:00:20]} 22. b3 {[%emt 0:02:17]} b5 {[%emt 0:03:00]} 23. Bd2 {[%emt 0:05:46]} f5 {[%emt 0:02:17]} 24. a3 {[%emt 0:02:03]} Nc6 {[%emt 0:01:15]} 25. Bf3 {[%emt 0:03:29]} Na5 {[%emt 0:01:08]} 26. Nd5 {[%emt 0:17:59]} Nxb3 {[%emt 0:00:19]} 27. Bc3 {[%emt 0:00:27]} Bd6 {[%emt 0:01:48]} 28. Kf1 {[%emt 0:03:00]} a5 {[%emt 0:05:53]} 29. Ke2 {[%emt 0:01:29]} c4 {[%emt 0:03:24]} 30. Bb2 {[%emt 0:01:57]} b4 {[%emt 0:00:24]} 31. axb4 {[%emt 0:00:37]} axb4 {[%emt 0:00:08]} 32. h4 {[%emt 0:01:42]} c3 {[%emt 0:00:41]} 33. Nxc3 {[%emt 0:00:38]} bxc3 {[%emt 0:00:05]} 34. Bxc3 {[%emt 0:00:10]} Bc4+ {[%emt 0:00:22]} 35. Kd1 {[%emt 0:00:43]} Nc5 {[%emt 0:00:11]} 36. Kc2 {[%emt 0:02:37]} Bd3+ {[%emt 0:02:00]} 0-1

[Event "31st Klatovy A 2025"]
[Site "Klatovy CZE"]
[Date "2025.06.29"]
[Round "2.19"]
[White "Bobrakov Timoskin, Alexandr 1978"]
[Black "Verner, Matej"]
[Result "1/2-1/2"]
[WhiteElo "1868"]
[BlackElo "2143"]
[PlyCount "36"]
[EventDate "2025.06.28"]
[EventType "swiss"]
[EventRounds "9"]
[EventCountry "CZE"]

1. d4 Nf6 2. Nf3 e6 3. c4 c5 4. Nc3 d5 5. cxd5 exd5 6. Bg5 Be6 7. Bxf6 Qxf6 8. e4 dxe4 9. Nxe4 Qf4 10. Bb5+ Nc6 11. Qe2 Be7 12. O-O O-O 13. Nxc5 Nxd4 14. Nxd4 Bxc5 15. Nxe6 fxe6 16. Qxe6+ Kh8 17. Qe2 Rad8 18. Bd3 Bxf2+ 1/2-1/2

[Event "31st Klatovy A 2025"]
[Site "Klatovy CZE"]
[Date "2025.06.29"]
[Round "2.20"]
[White "Strnad, Jakub"]
[Black "Lhotsky, Zdenek"]
[Result "1/2-1/2"]
[WhiteElo "1993"]
[BlackElo "1907"]
[PlyCount "36"]
[EventDate "2025.06.28"]
[EventType "swiss"]
[EventRounds "9"]
[EventCountry "CZE"]

1. e4 c5 2. Nf3 d6 3. d4 cxd4 4. Nxd4 Nf6 5. Nc3 a6 6. Be2 e5 7. Nb3 Be7 8. O-O Be6 9. f4 exf4 10. Bxf4 O-O 11. Kh1 Nc6 12. Nd4 Rc8 13. Bf3 Qb6 14. Nxc6 bxc6 15. Rb1 Rfe8 16. Qe1 Nd7 17. Qg3 Nf8 18. Bg4 Bxg4 1/2-1/2

[Event "31st Klatovy A 2025"]
[Site "Klatovy CZE"]
[Date "2025.06.29"]
[Round "2.21"]
[White "Mrazik, Marek"]
[Black "Rudlof, Adam"]
[Result "0-1"]
[WhiteElo "1854"]
[BlackElo "1992"]
[PlyCount "52"]
[EventDate "2025.06.28"]
[EventType "swiss"]
[EventRounds "9"]
[EventCountry "CZE"]

1. d4 Nf6 2. Nc3 d5 3. Bf4 c5 4. e3 Bg4 5. Be2 Bxe2 6. Ngxe2 Nc6 7. O-O e6 8. Ng3 cxd4 9. exd4 Bd6 10. Nce2 O-O 11. c3 b5 12. Qd3 Rb8 13. Qf3 Bxf4 14. Nxf4 b4 15. Ngh5 Nxh5 16. Nxh5 Qg5 17. Qh3 g6 18. Ng3 Qd2 19. Qh4 Rfc8 20. Rad1 Qxb2 21. Rd3 bxc3 22. Qf6 c2 23. Nh5 gxh5 24. Rg3+ Kf8 25. Rg7 Nd8 26. Rxh7 Ke8 0-1

[Event "31st Klatovy A 2025"]
[Site "Klatovy CZE"]
[Date "2025.06.29"]
[Round "2.22"]
[White "Hosnedl, Jiri"]
[Black "Vo, Daniel"]
[Result "1-0"]
[WhiteElo "1985"]
[BlackElo "1834"]
[PlyCount "53"]
[EventDate "2025.06.28"]
[EventType "swiss"]
[EventRounds "9"]
[EventCountry "CZE"]

1. d4 d5 2. c4 dxc4 3. Nf3 Nf6 4. g3 g6 5. Bg2 Bg7 6. O-O O-O 7. Na3 c6 8. Nxc4 Be6 9. Nce5 Nbd7 10. Ng5 Nxe5 11. Nxe6 fxe6 12. dxe5 Nd5 13. e4 Nb6 14. Qb3 Qc8 15. Bh3 Kf7 16. f4 c5 17. Be3 c4 18. Qb4 Qc6 19. Rac1 Qxe4 20. Bxb6 axb6 21. Qxb6 Qc6 22. Qxc6 bxc6 23. Rxc4 Rfc8 24. Rfc1 Ra6 25. a3 g5 26. fxg5 h6 27. Rf1+ 1-0

[Event "31st Klatovy A 2025"]
[Site "Klatovy CZE"]
[Date "2025.06.29"]
[Round "2.23"]
[White "Chmelik, Ladislav"]
[Black "Bara, Jan"]
[Result "0-1"]
[WhiteElo "1816"]
[BlackElo "1964"]
[PlyCount "68"]
[EventDate "2025.06.28"]
[EventType "swiss"]
[EventRounds "9"]
[EventCountry "CZE"]

1. d4 Nf6 2. Nf3 d5 3. Bf4 c5 4. c3 Nc6 5. e3 Qb6 6. Qb3 c4 7. Qxb6 axb6 8. Bc7 b5 9. Na3 b4 10. Nb5 bxc3 11. bxc3 Na7 12. Nxa7 Rxa7 13. Nd2 Bf5 14. f3 b5 15. Bb6 Ra6 16. Bc5 e6 17. Bxf8 Rxf8 18. g4 Bg6 19. h4 h6 20. g5 hxg5 21. hxg5 Nd7 22. e4 Ke7 23. Rb1 Rb8 24. Rb2 b4 25. cxb4 Ra4 26. Nb1 Raxb4 27. Rxb4 Rxb4 28. Nc3 Nb6 29. Rh8 e5 30. Rb8 Kd7 31. a3 Rb3 32. dxe5 Kc7 33. Rxb6 Kxb6 34. Nxd5+ Kc5 0-1

[Event "31st Klatovy A 2025"]
[Site "Klatovy CZE"]
[Date "2025.06.29"]
[Round "2.24"]
[White "Svadlenka, Michal"]
[Black "Bubela, Alexander Georg"]
[Result "1-0"]
[WhiteElo "1932"]
[BlackElo "1806"]
[PlyCount "59"]
[EventDate "2025.06.28"]
[EventType "swiss"]
[EventRounds "9"]
[EventCountry "CZE"]

1. e4 e5 2. Nf3 Nc6 3. Bc4 Bc5 4. d3 Nf6 5. c3 d6 6. Nbd2 a6 7. Bb3 Ba7 8. O-O h6 9. Re1 Ne7 10. Nf1 Ng6 11. Ng3 O-O 12. Be3 Bxe3 13. fxe3 Be6 14. d4 Qe7 15. Qc2 Bxb3 16. Qxb3 c5 17. Qb6 Rfd8 18. Rad1 Ne8 19. Nd2 Rac8 20. d5 c4 21. Rc1 Qc7 22. Qxc7 Rxc7 23. b3 cxb3 24. axb3 Rdc8 25. c4 a5 26. Ra1 b6 27. Reb1 Ra7 28. Ra4 Nf8 29. Nf5 Nd7 30. Ne7+ 1-0

[Event "31st Klatovy A 2025"]
[Site "Klatovy CZE"]
[Date "2025.06.29"]
[Round "2.25"]
[White "Gernert, Tomas"]
[Black "Hurtak, Otto"]
[Result "1/2-1/2"]
[WhiteElo "1794"]
[BlackElo "1931"]
[PlyCount "49"]
[EventDate "2025.06.28"]
[EventType "swiss"]
[EventRounds "9"]
[EventCountry "CZE"]

1. e4 Nc6 2. d4 d5 3. Nc3 dxe4 4. d5 Nb8 5. Nxe4 c6 6. Bc4 cxd5 7. Qxd5 Qxd5 8. Bxd5 e6 9. Bb3 Bd7 10. Bf4 Bc6 11. f3 Bxe4 12. fxe4 Nc6 13. O-O-O Nf6 14. e5 Nh5 15. g3 Bc5 16. Ne2 Nxf4 17. gxf4 Ke7 18. Kb1 Rad8 19. Ng3 Be3 20. f5 Bf4 21. f6+ gxf6 22. exf6+ Ke8 23. Nh5 Bh6 24. Ba4 Rg8 25. b4 1/2-1/2

[Event "31st Klatovy A 2025"]
[Site "Klatovy CZE"]
[Date "2025.06.29"]
[Round "2.26"]
[White "Richter, Martin 1969"]
[Black "Paldus, Jan"]
[Result "1-0"]
[WhiteElo "1928"]
[BlackElo "1761"]
[PlyCount "45"]
[EventDate "2025.06.28"]
[EventType "swiss"]
[EventRounds "9"]
[EventCountry "CZE"]

1. e4 d6 2. d4 Nf6 3. Nc3 c6 4. f4 Qa5 5. Bd2 e5 6. Nf3 exd4 7. Nxd4 Qb6 8. Nb3 a5 9. a4 Na6 10. Bxa6 Rxa6 11. f5 Be7 12. Qe2 Bd7 13. O-O-O Kd8 14. Bf4 c5 15. e5 Qb4 16. Rhf1 Re8 17. exf6 Bxf6 18. Qd3 c4 19. Qd5 cxb3 20. Bxd6 Bg5+ 21. Kb1 bxc2+ 22. Kxc2 Qb6 23. Bf4 1-0

[Event "31st Klatovy A 2025"]
[Site "Klatovy CZE"]
[Date "2025.06.29"]
[Round "2.27"]
[White "Mojzisova, Barbora"]
[Black "Lieber, Lukas"]
[Result "1/2-1/2"]
[WhiteElo "1757"]
[BlackElo "1925"]
[PlyCount "125"]
[EventDate "2025.06.28"]
[EventType "swiss"]
[EventRounds "9"]
[EventCountry "CZE"]

1. e4 c5 2. Nf3 e6 3. d4 cxd4 4. Nxd4 Nf6 5. Nc3 Nc6 6. Be2 d5 7. exd5 exd5 8. O-O Be7 9. Bf4 O-O 10. Re1 Qb6 11. Ndb5 Be6 12. Na4 Qa5 13. c3 Rac8 14. Nd6 Bxd6 15. Bxd6 Rfe8 16. Nc5 Qd8 17. Nxb7 Qb6 18. Qb3 d4 19. Qxb6 axb6 20. Bb5 dxc3 21. bxc3 Nd8 22. Nxd8 Rexd8 23. Be5 Nd5 24. c4 Nb4 25. Red1 Nd3 26. Bg3 Bxc4 27. Bxc4 Rxc4 28. Rab1 Rc6 29. Rd2 Rd7 30. Rbd1 Rc3 31. Kf1 f5 32. f3 Kf7 33. Bf2 b5 34. Bb6 b4 35. Rb1 Ke6 36. Ba5 Rb7 37. Rbd1 Ne5 38. Rd6+ Kf7 39. R6d4 Nc4 40. Rd7+ Rxd7 41. Rxd7+ Ke6 42. Re7+ Kxe7 43. Bxb4+ Ke6 44. Bxc3 Ne3+ 45. Ke2 Nxg2 46. Bxg7 Kd5 47. Bh6 Nh4 48. h3 Ng6 49. Bd2 Ne5 50. a4 Kc4 51. a5 Kb5 52. Bc3 Nc6 53. Ke3 Kc4 54. Be1 Kb5 55. Kf4 Nd4 56. Bd2 h5 57. h4 Ka6 58. Be3 Nc2 59. Bb6 Ne1 60. Kg5 Nxf3+ 61. Kxh5 Nxh4 62. Kxh4 Kb7 63. Kg5 1/2-1/2

[Event "31st Klatovy A 2025"]
[Site "Klatovy CZE"]
[Date "2025.06.29"]
[Round "2.28"]
[White "Hrckova, Anna"]
[Black "Petrasek, Jiri"]
[Result "1/2-1/2"]
[WhiteElo "1728"]
[BlackElo "1919"]
[PlyCount "109"]
[EventDate "2025.06.28"]
[EventType "swiss"]
[EventRounds "9"]
[EventCountry "CZE"]

1. e4 e5 2. Nf3 Nf6 3. Nxe5 d6 4. Nf3 Nxe4 5. Nc3 Nxc3 6. dxc3 Be7 7. Bf4 Nc6 8. Bd3 Be6 9. Qd2 Qd7 10. O-O-O O-O-O 11. Kb1 Bf6 12. Bb5 a6 13. Ba4 Rhe8 14. Rhe1 Kb8 15. Qd3 h6 16. Be3 d5 17. Bd4 Nb4 18. Bxd7 Nxd3 19. Rxe6 fxe6 20. Bxe8 Nf4 21. Ba4 b5 22. Bb3 Nxg2 23. Bxf6 gxf6 24. Nd4 Rd6 25. Rg1 Nf4 26. Rg8+ Kb7 27. Rg4 e5 28. Nf5 Rd7 29. a4 c5 30. axb5 axb5 31. Rg7 Rxg7 32. Nxg7 c4 33. Ba2 Nh3 34. Nf5 Kc6 35. f3 Ng1 36. Nh4 Ne2 37. Nf5 h5 38. b3 Kc5 39. bxc4 bxc4 40. Kb2 Kb5 41. Bb3 cxb3 42. cxb3 Ng1 43. Nh4 Kc5 44. Kc2 d4 45. Kd3 dxc3 46. Kxc3 Nh3 47. b4+ Kb5 48. Kd3 Ng5 49. Ke3 Kxb4 50. f4 Nf7 51. Ng6 Kc5 52. Nh4 Kd5 53. Nf5 Kc5 54. h4 Kd5 55. Ng7 1/2-1/2

[Event "31st Klatovy A 2025"]
[Site "Klatovy CZE"]
[Date "2025.06.29"]
[Round "2.29"]
[White "Sadil, Antonin"]
[Black "Feierfeil, Jiri"]
[Result "1-0"]
[WhiteElo "1907"]
[BlackElo "1738"]
[PlyCount "89"]
[EventDate "2025.06.28"]
[EventType "swiss"]
[EventRounds "9"]
[EventCountry "CZE"]

1. e4 c5 2. Nc3 Nc6 3. g3 Nf6 4. Bg2 e5 5. d3 Be7 6. Nge2 Nd4 7. O-O d6 8. f4 Bg4 9. h3 Nxe2+ 10. Nxe2 Bd7 11. f5 Qc7 12. g4 h6 13. Ng3 Bc6 14. c4 b5 15. b3 a5 16. h4 a4 17. g5 hxg5 18. hxg5 Nd7 19. bxa4 b4 20. Nh5 Bf8 21. Qg4 Nb6 22. f6 g6 23. Ng7+ Kd8 24. Kf2 Bd7 25. Qg3 Kc8 26. Bd2 Bxg7 27. fxg7 Rg8 28. Qh4 Be6 29. Qh7 Kb7 30. Kg1 Qe7 31. Rf2 Kc6 32. Raf1 Qe8 33. d4 cxd4 34. Bxb4 Nxc4 35. Bh3 Bxh3 36. Qxh3 Ne3 37. Rc1+ Kb7 38. Rb2 Ka6 39. Bxd6 Rxg7 40. Qh2 Qd7 41. Qe2+ Ka5 42. Qd2+ Ka6 43. Qd3+ Ka5 44. Rc5+ Kxa4 45. Qb3# 1-0

[Event "31st Klatovy A 2025"]
[Site "Klatovy CZE"]
[Date "2025.06.30"]
[Round "3.1"]
[White "Tvrdik, Daniel"]
[Black "Slovak, Kilian"]
[Result "0-1"]
[WhiteElo "2140"]
[BlackElo "2349"]
[PlyCount "76"]
[EventDate "2025.06.28"]
[EventType "swiss"]
[EventRounds "9"]
[EventCountry "CZE"]

1. e4 {[%emt 0:00:04]} c5 {[%emt 0:00:17]} 2. d4 {[%emt 0:00:10]} cxd4 {[%emt 0:00:09]} 3. c3 {[%emt 0:00:07]} dxc3 {[%emt 0:00:06]} 4. Nxc3 {[%emt 0:00:06]} Nc6 {[%emt 0:00:07]} 5. Nf3 {[%emt 0:00:09]} e6 {[%emt 0:00:07]} 6. Bc4 {[%emt 0:00:08]} a6 {[%emt 0:00:09]} 7. O-O {[%emt 0:00:22]} Nge7 {[%emt 0:00:08]} 8. Bg5 {[%emt 0:00:15]} h6 {[%emt 0:00:09]} 9. Be3 {[%emt 0:00:33]} b5 {[%emt 0:00:10]} 10. Bb3 {[%emt 0:00:10]} Bb7 {[%emt 0:00:09]} 11. a4 {[%emt 0:02:17]} b4 {[%emt 0:01:31]} 12. Nd5 {[%emt 0:02:35]} Nxd5 {[%emt 0:05:09]} 13. exd5 {[%emt 0:00:25]} Na5 {[%emt 0:00:24]} 14. dxe6 {[%emt 0:18:29]} dxe6 {[%emt 0:00:57]} 15. Nd4 {[%emt 0:06:26]} Nxb3 {[%emt 0:00:43]} 16. Qxb3 {[%emt 0:04:55]} Qd5 {[%emt 0:01:17]} 17. Qxd5 {[%emt 0:06:10]} Bxd5 {[%emt 0:00:05]} 18. Rfd1 {[%emt 0:03:46]} Rd8 {[%emt 0:38:04]} 19. Rac1 {[%emt 0:03:14]} Bd6 {[%emt 0:00:53]} 20. g3 {[%emt 0:03:13]} O-O {[%emt 0:21:14]} 21. Nf5 {[%emt 0:09:21]} Be5 {[%emt 0:00:13]} 22. Bc5 {[%emt 0:05:59]} Bf3 {[%emt 0:10:30]} 23. Re1 {[%emt 0:07:34]} Bxb2 {[%emt 0:00:31]} 24. Rb1 {[%emt 0:00:15]} Bc3 {[%emt 0:00:10]} 25. Re3 {[%emt 0:00:11]} Rd1+ {[%emt 0:09:42]} 26. Rxd1 {[%emt 0:03:47]} Bxd1 {[%emt 0:00:05]} 27. Bxf8 {[%emt 0:03:53]} Kxf8 {[%emt 0:01:37]} 28. Rd3 {[%emt 0:03:57]} Bxa4 {[%emt 0:00:30]} 29. Rd8+ {[%emt 0:21:46]} Be8 {[%emt 0:00:11]} 30. Ne3 {[%emt 0:00:10]} Ke7 {[%emt 0:00:36]} 31. Rb8 {[%emt 0:00:23]} Bb5 {[%emt 0:00:14]} 32. Nd1 {[%emt 0:00:08]} Bd4 {[%emt 0:00:05]} 33. Rb7+ {[%emt 0:10:44]} Kf6 {[%emt 0:00:08]} 34. Rc7 {[%emt 0:01:54]} b3 {[%emt 0:01:07]} 35. Nc3 {[%emt 0:00:42]} b2 {[%emt 0:00:11]} 36. Ne4+ {[%emt 0:00:37]} Kg6 {[%emt 0:01:07]} 37. Nd2 {[%emt 0:00:25]} f6 {[%emt 0:01:10]} 38. Rc8 {[%emt 0:00:56]} Bd3 {[%emt 0:00:13]} 0-1